1151 1387 1339 1343 1200 1394 1187 1453 1360 1303 1076 1333 1300 1503 1787 1889 1095 1174 1712 1662 1876 1527 1246 1446 1155 1224 1663 2000 1777 1432 1383 1502 1597 1913 1194 1220 1630 1132 1727 1483 1326 1114 1264 1953 1617 1605 1705 1479 1784 1610 1966 1047 1577 1472 1757 1185 1663 1072 1413 1969 1409 1030 1681 1416 1900 1442 1855 1461 1668 1734 1888 1508 1218 1478 1606 1661 1019 1129 1199 1164 1571 1965 1094 1858 1358 1187 1511 1797 1275 1359 1720 1897 1711 1439 1572 1009 1208 1569 1399 BCNSPRNW ULIB Ver.6.0+V

เปลี่ยนเป็นภาษาไทย

Change to English
 แสดงรายละเอียดบรรณานุกรม
  กลับหน้าหลัก

Brief Record : Get Marc (ISO 2709) : E-mail record : QR code < ปิดหน้าต่าง
LEADER : 00000nam 2200000uu 4500
001    13399110006
003     ULIB
008    110419s2001||||th 000 0 tha d
020    9742970823
060 04 WF200^bม223ส 2548
110 1  Ministry of Public Health.^bBureau of AIDS, Tuberculosisand Sexual Transmitted Disease.^bTuberculosis Cluster
245 10 Management of tuberculosis modified WHO modules ofmanaging tuberculosis at district level /^bTuberculosis Cluster Bureau of AIDS, Tuberculosis and Sexual Transmitted Disease, Ministry of Public Health
260    Nonthaburi :^bThe Cluster,^c2001
300    61 p. :^bill. ;^c30 cm.
650  2 Tuberculosis
945    ^p0^l0^i017894
945    ^p0^l0^i017895
995    Tossapron
999 ^a ใช้งานได้ทุกระบบ
รายการนี้ยังไม่มีแท็ก
คุณยังไม่ได้ล็อกอิน คุณสามารถมีกิจกรรมร่วมกับเว็บไซต์ได้ แต่ต้องล็อกอินก่อน ::
  ล็อกอิน

รายการสื่อสารสนเทศ

ลำดับที่ ประเภท เลขเรียก/บาร์โค้ด สถานที่ สถานะ
- ไม่พบข้อมูล -

รายการใกล้เคียง
    หัวเรื่อง [Tuberculosis]

BibComment


ยังไม่เคยถูกคอมเมนท์

คอมเมนท์ทรัพยากรรายการนี้
  คอมเมนท์: Management of tub..


 Copyright 2026. Bcnsprnw @Library